Seed labs : (Record no. 594408)
[ view plain ]
| 000 -LEADER | |
|---|---|
| fixed length control field | 00558nam a22001697a 4500 |
| 003 - CONTROL NUMBER IDENTIFIER | |
| control field | NUST |
| 005 - DATE AND TIME OF LATEST TRANSACTION | |
| control field | 20250513101103.0 |
| 020 ## - INTERNATIONAL STANDARD BOOK NUMBER | |
| International Standard Book Number | 9781987673630 |
| 082 ## - DEWEY DECIMAL CLASSIFICATION NUMBER | |
| Classification number | 005.8,WEN |
| 100 ## - MAIN ENTRY--PERSONAL NAME | |
| Personal name | Du, Wenlinag |
| 9 (RLIN) | 111642 |
| 245 ## - TITLE STATEMENT | |
| Title | Seed labs : |
| Remainder of title | Instructor manual / |
| Statement of responsibility, etc. | Wenliang Du |
| 260 ## - PUBLICATION, DISTRIBUTION, ETC. | |
| Place of publication, distribution, etc. | Lexington |
| Name of publisher, distributor, etc. | USA |
| Date of publication, distribution, etc. | 2018 |
| 300 ## - PHYSICAL DESCRIPTION | |
| Extent | 418 p |
| 505 ## - FORMATTED CONTENTS NOTE | |
| Formatted contents note | Software Security (Page-3), Web Security (Page-89), Network Security (Page-137), Crypto (Page-265), System Security (Page-363), Mobile Security (Page-381). |
| 648 ## - SUBJECT ADDED ENTRY--CHRONOLOGICAL TERM | |
| Chronological term | Seed labs manual |
| 9 (RLIN) | 128941 |
| 942 ## - ADDED ENTRY ELEMENTS (KOHA) | |
| Source of classification or shelving scheme | |
| Koha item type | Reference |
| Withdrawn status | Lost status | Source of classification or shelving scheme | Damaged status | Not for loan | Permanent Location | Current Location | Shelving location | Date acquired | Full call number | Barcode | Date last seen | Price effective from | Koha item type | Public note |
|---|---|---|---|---|---|---|---|---|---|---|---|---|---|---|
| Military College of Signals (MCS) | Military College of Signals (MCS) | Reference | 03/31/2023 | 005.8,WEN | MCS38317 | 05/12/2025 | 03/31/2023 | Reference | Almirah Fresh No.44, Shelf No.1 |
